000 00365nam a22001577a 4500
003 OSt
005 20210914115515.0
008 210914b |||||||| |||| 00| 0 eng d
020 _a0855984651
040 _aHU
_cDDC
082 _a307.76/DEV
245 _aDevelopment and cities
260 _aBritish
_bOXFAM
_c2002
300 _axii,368p,24cm
942 _2ddc
_cBOOKS
_n0
999 _c3718
_d3718